| 000 | 00541 a2200157 4500 | ||
|---|---|---|---|
| 001 | ART_51923 | ||
| 005 | 20260410161633.0 | ||
| 008 | 260409a | ||
| 245 | 1 | 0 | _aHacia una transformación organizacional en la industria de salud: forjando una cultura digital al servicio de la medicina exponencial |
| 100 | 1 | _aArteche, Mónica R. de | |
| 700 | 1 | _aWelsh, Vanessa | |
| 700 | 1 | _aSantucci, Marina | |
| 700 | 1 | _aLerner, Alan M. | |
| 700 | 1 | _aCarrillo Zambrano, Eduardo | |
| 773 | 0 |
_tEnfoques _g- N°4 (abr. 2020) _wREV416 |
|
| 999 |
_c12629 _d12629 |
||